Central Library OPAC University of Rajshahi

Chemical investigations on Lac and its derived products / (Record no. 80801)

MARC details
000 -LEADER
fixed length control field 01016nam a22002657a 4500
001 - CONTROL NUMBER
RUCL Control Number 80801
003 - CONTROL NUMBER IDENTIFIER
rucl marc code BD-RjUL
005 - DATE AND TIME OF LATEST TRANSACTION
control field 20230607102008.0
008 - FIXED-LENGTH DATA ELEMENTS--GENERAL INFORMATION
fixed length control field 221118s1999 bg a|||| m||| 00| 0 eng d
035 ## - SYSTEM CONTROL NUMBER
system control number (BD-RjUL)80801
040 ## - CATALOGING SOURCE
Original cataloging agency BD-RjUL
Language of cataloging eng
Transcribing agency BD-RjUL
Modifying agency BD-RjUL
041 ## - LANGUAGE CODE
Language code of Book eng
082 ## - DEWEY DECIMAL CLASSIFICATION NUMBER
DDC Edition number 23
Classification number 551.5
Author mark and Year HAC 1999
100 ## - MAIN ENTRY--PERSONAL NAME
Personal name Haque, Muhammad. Zahurul
9 (RLIN) 5898
245 10 - TITLE STATEMENT
Title Chemical investigations on Lac and its derived products /
Statement of responsibility, etc By Muhammad Zahurul Haque ;
Name of Supervisor/Co-Supervisor Supervisor : M. Umar Ali, Co-Supervisor : M. Umar Faruq
260 ## - PUBLICATION, DISTRIBUTION, ETC. (IMPRINT)
Place of publication, distribution, etc Rajshahi :
Name of publisher, distributor, etc Department of Chemistry, University of Rajshahi,
Date of publication, distribution, etc 1999
300 ## - PHYSICAL DESCRIPTION
Pagination [7], 199 leaves :
Other physical details ill, ;
Dimensions 29.cm.
502 ## - DISSERTATION NOTE
Dissertation note Thesis (Ph. D.) -- Department of Chemistry, University of Rajshahi, 1999
504 ## - BIBLIOGRAPHY, ETC. NOTE
Bibliography, etc References : Leaves 199
650 ## - SUBJECT ADDED ENTRY--TOPICAL TERM
Topical term or geographic name as entry element Atmospheric chemistry
9 (RLIN) 7882
700 ## - ADDED ENTRY--SUPERVISOR/CO-SUPERVISOR NAME
Personal name Ali, M. Umar, Supervisor
9 (RLIN) 5899
Personal name Faruq, M. Umar, Co-Supervisor
9 (RLIN) 5900
856 ## - ELECTRONIC LOCATION AND ACCESS
Uniform Resource Identifier http://rulrepository.ru.ac.bd/handle/123456789/995
942 ## - ADDED ENTRY ELEMENTS (KOHA)
Source of classification or shelving scheme Dewey Decimal Classification
Koha item type Theses
Holdings
Source of classification or shelving scheme Damaged status Not for loan Collection code Permanent Location Current Location Shelving location Date of accession Source of acquisition Full call number Barcode Date last seen Copy number Thesis
Dewey Decimal Classification   Not For Loan Theses Central Library, University of Rajshahi Central Library, University of Rajshahi Documentation Section 14/11/2000 Controller of Exam. R.U. THE 551.5 HAC 1999 D1967 18/11/2022 C-1 Theses